000 00388 a2200169 4500
001 187988
020 _a85-262-3285-1
040 _cMagnum
100 _aSabino, Fernando
240 1 0 _aHistórias de professores e alunos
_lpor
245 1 0 _aHistórias de professores e alunos
300 _a61
362 0 _a2003
440 1 _aScipione
697 _aLITERATURA JUVENIL
942 _cBK
999 _c187988
_d187988